Μαθήματα ζωής - Επιστολές στο Λουκίλιο

Αποθηκεύτηκε σε:
Λεπτομέρειες βιβλιογραφικής εγγραφής
Κύριος συγγραφέας: Seneca, Lucius Annaeus ca. 4 B.C.-65 A.D
Άλλοι συγγραφείς: Αραμπατζής, Γιώργος (Μεταφραστής)
Μορφή: Βιβλίο
Γλώσσα:Greek
Δημοσίευση: Αθήνα : Ελληνικά Γράμματα, 1995
Θέματα:
Ετικέτες: Προσθήκη ετικέτας
Δεν υπάρχουν, Καταχωρήστε ετικέτα πρώτοι!

MARC

LEADER 00000nam a2200000 i 4500
001 1/67064
008 990120s1995 gre d
020 |a 960-344-117-1 
035 |l 10047411 
040 |a GR-MY-UA  |b gre  |e aacr 
041 0 |a gre 
082 0 |a 180.937 
100 1 |a Seneca, Lucius Annaeus  |d ca. 4 B.C.-65 A.D. 
245 1 0 |a Μαθήματα ζωής - Επιστολές στο Λουκίλιο /  |c Σενέκας Λεύκιος Ανναίος ; επιλογή-μετάφραση: Γιώργος Αραμπατζής 
246 3 3 |a Επιστολές στον Λουκίλιο 
260 |a Αθήνα :   |b Ελληνικά Γράμματα,   |c 1995 
300 |a 149 σ. 
650 0 0 |a Philosophy, Ancient. 
700 1 |a Αραμπατζής, Γιώργος.  |4 trl 
852 |a INST  |b RHODES  |e 19990120  |h 180.937 SEN  |p 005400005709  |q 005400005709  |t BK  |y 0 
901 |a BIBL-1999-1 
909 |a Ρ  |b 052779  |c 1997 
922 |a 4ΕΛΗ  |b 199712  |c ΦΙΟΡΑΒΑΝΤΕΣ  |d EMVASIS 
970 |z 2000/07/ΚΑΤΕΡΙΝΑ